Treba zachytiť odchádzajúci vlak
Zaostávanie Slovenska v oblasti cestovného ruchu. Cestovný ruch = zisk bez surovín a materiálov. Problémy podnikateľov v cestovnom ruchu na Slovensku. Vysokokonkurenčné prostredie európskeho trhu. Nevyhnutnosť dobudovať národný informačný systém cestovného ruchu. Trendy, ktoré ovplyvňujú rozvoj cest...
Salvato in:
| Autore principale: | |
|---|---|
| Natura: | Capitolo di libro |
| Lingua: | slovacco |
| Soggetti: | |
| Tags: |
Nessun Tag, puoi essere il primo ad aggiungerne!!
|
MARC
| LEADER | 00000naa a2200000 4500 | ||
|---|---|---|---|
| 001 | r047353 | ||
| 005 | 20230920080849.7 | ||
| 041 | 0 | |a slo | |
| 044 | |a SK | ||
| 245 | 1 | 0 | |a Treba zachytiť odchádzajúci vlak |c Alexander Sotník |
| 520 | |a Zaostávanie Slovenska v oblasti cestovného ruchu. Cestovný ruch = zisk bez surovín a materiálov. Problémy podnikateľov v cestovnom ruchu na Slovensku. Vysokokonkurenčné prostredie európskeho trhu. Nevyhnutnosť dobudovať národný informačný systém cestovného ruchu. Trendy, ktoré ovplyvňujú rozvoj cestovného ruchu na začiatku 21. storočia. | ||
| 610 | 2 | 0 | |a ruch cestovný |
| 610 | 2 | 0 | |a Slovensko |
| 610 | 2 | 0 | |a podnikatelia |
| 610 | 2 | 0 | |a trh |
| 610 | 2 | 0 | |a technológie informačné |
| 610 | 2 | 0 | |a globalizácia |
| 100 | 1 | |a Sotník, Alexander | |